Guess the country: Landmarks - Statistics

General Stats
  • This quiz has been taken 61 times
  • The average score is 13 of 15
Answer Stats
Hint Answer % Correct
Eiffel tower, Arc de Triomphe France
100%
Taj Mahal, Himalayas, Ganges India
96%
Coliseum, Leaning Tower of Pisa Italy
94%
Grand Canyon, Statue of Liberty United States
94%
Mt. Fuji, Osaka Castle Japan
87%
Opera House, Uluru (Ayers Rock), Outback Australia
85%
Forbidden City, Summer Palace China
85%
Giza Pyramids, Luxor Temple Egypt
85%
La Sagrada Familia, Alhambra Spain
83%
Ipanema, Iguazú Brazil
79%
CN Tower, Lake Louise Canada
77%
Brandenburg Gate, Neuschwanstein Castle Germany
77%
Red Square, Winter Palace Russia
77%
The Blue Mosque, Bosphorus Turkey
68%
Angkor Wat, Beaches Cambodia
66%
No matching quizzes found
Score Distribution
Percent of People with Each Score
Percentile by Number Answered
Your Score History
You have not taken this quiz